Thought and reference /

Bibliographic Details
Main Author: Bach, Kent
Format: Book
Language:English
Published: Oxford : Oxford ; New York : Clarendon Press ; Oxford University Press, 1987.
Subjects:

MARC

Tag First Indicator Second Indicator Subfields
LEADER 00000cam a22000008a 4500
001 in00000025010
005 20151007055704.0
008 870921s1987 enk b 00110 eng
010 |a  87024884  
020 |a 0198249837 
035 |a (OCoLC)16831102 
035 |9 AAB8985AM 
040 |a DLC  |c DLC  |d TXA  |d UtOrBLW 
049 |a TXAM  |c [A11668096] 
050 0 0 |a B105.R25  |b B33 1987 
082 0 |a 149/.946  |2 19 
100 1 |a Bach, Kent. 
245 1 0 |a Thought and reference /  |c Kent Bach. 
263 |a 8801 
264 1 |a Oxford :  |b Clarendon Press ;  |a Oxford ;  |a New York :  |b Oxford University Press,  |c 1987. 
300 |a ix, 305 pages ;  |c 23 cm. 
336 |a text  |b txt  |2 rdacontent 
337 |a unmediated  |b n  |2 rdamedia 
338 |a volume  |b nc  |2 rdacarrier 
504 |a Bibliography: pages [293]-297. 
500 |a Includes index. 
650 0 |a Reference (Philosophy) 
999 |a MARS 
999 f f |s 7accfec7-aa2d-3fd3-a4fd-660b4dbe8924  |i 151a49a1-4623-346c-9542-58f873c56547  |t 0 
952 f f |p normal  |a Texas A&M University  |b College Station  |c Sterling C. Evans Library  |d Evans: Library Stacks  |t 0  |e B105.R25 B33 1987  |h Library of Congress classification  |i unmediated -- volume  |m A14811668096 
998 f f |a B105.R25 B33 1987  |t 0  |l Evans: Library Stacks